000
00314nam a22001337a 4500
008
180917b xxu||||| |||| 00| 0 eng d
020
_a
9780781765435
041
_a
eng
080
_a
610.73
100
_a
2
101
_a
NUR
245
_a
Textbook Of Medical Surgical Nursing
_c
Boyer.mJ
942
_2
udc
_c
BK
999
_c
47855
_d
47855